000 00286nam a22001337a 4500
003 SGT
082 _a340.590954,MAH
100 _aMAHMOOD,TAHIR
245 _aMUSLIM LAW
260 _aNEW DELHI
_bUNIVERSAL BOOKS
_c2013
300 _a500
650 _aMUSLIM LAW IN INDIA
942 _2ddc
_cBK
999 _c9695
_d9695